| 000 | 00684nam a2200277Ia 4500 | ||
|---|---|---|---|
| 008 | 160803s9999 xx 000 0 und d | ||
| 020 | _a9780590456432 | ||
| 100 | _aBarkan, Joanne | ||
| 245 | _aThat fat hat / | ||
| 245 | _cby Joanne Barkan ; illustrated by Maggie Swanson. | ||
| 260 | _aNew York : | ||
| 260 | _bScholastic Inc. | ||
| 260 | _c1992 | ||
| 300 | _a1 volume (unpaged) : | ||
| 300 | _bcolor illustrations ; | ||
| 300 | _c23 cm. | ||
| 440 | _aHello reader!, | ||
| 440 | _vLevel 3. | ||
| 650 | _aCats -- | ||
| 650 | _aHats -- | ||
| 650 | _aIndividuality -- | ||
| 650 | _xFiction. | ||
| 650 | _xFiction. | ||
| 650 | _xFiction. | ||
| 700 | _a490 | ||
| 999 |
_c298946 _d298946 |
||